000 01133nam a2200241Ia 4500
003 Ost
005 20260507074921.0
008 260507s9999||||xx |||||||||||||| ||und||
040 _cfsecg
041 _aara
082 _a1.42
100 _aعليان، ربحي مصطفى
_eمؤلف
245 0 _aأساليب البحث العلمي وتطبيقاتة في التخطيط والادارة /
_c ربحي مصطفى عليان
260 _aعمان:
_bدار صفاء,
_c2008
300 _a336 صفحة؛
_bإيضاحات ؛
_c25 سم
504 _aببليوغرافيا: ص.325
520 _aالبحث العلمي، مناهج البحث العلمي، خطوات البحث العلمي، طرق وأدوات جمع البيانات، العينات/ عرض وتحليل البيانات، توثيق البحث العلمي، الانترنيت والبحث العلمي، كتابة تقرير البحث العلمي
653 _aالانترنيت
653 _aالمناهج
653 _aطرق البحث
700 _aغنيم، عثمان محمد وآخرون
_eمؤلف ثانوي
942 _cكتاب
999 _c41798
_d41798